Remote sensing and image interpretation (Record no. 395805)

MARC details
000 -LEADER
fixed length control field 00554 a2200205 4500
005 - DATE & TIME
control field 20260121105159.0
008 - FIXED-LENGTH DATA ELEMENTS--GENERAL INFORMATION
fixed length control field 260119b |||||||| |||| 00| 0 eng d
020 ## - ISBN
International Standard Book Number 9789369670451
Price Rs. 4895.00
040 ## - CATALOGING SOURCE
Original cataloging agency VIVEKANANDA LIBRARY
082 ## - DDC NUMBER
Classification number 621.3678
Book Number M448R
100 ## - MAIN ENTRY--PERSONAL NAME
Personal name Maurya, Ajay Kumar
245 ## - TITLE STATEMENT
Title Remote sensing and image interpretation
260 ## - PUBLICATION, DISTRIBUTION, ETC. (IMPRINT)
Name of publisher, distributor, etc Scientific Books International
Date of publication, distribution, etc 2026
Place of publication, distribution, etc New Delhi
300 ## - PHYSICAL DESCRIPTION
Pages 262
650 ## - Subject
Subject Applied Physics
650 ## - Subject
Subject Engineering
650 ## - Subject
Subject Electronics
650 ## - Subject
Subject Remote Sensing
942 ## - ADDED ENTRY ELEMENTS (KOHA)
Koha item type Books
Holdings
Withdrawn status Lost status Source of classification or shelving scheme Damaged status Not for loan Location (home branch) Sublocation or collection (holding branch) Shelving location Date acquired Koha issues (times borrowed) Koha full call number Accession No. Koha date last seen Koha item type
    Dewey Decimal Classification     VIVEKANANDA LIBRARY VIVEKANANDA LIBRARY Vivekananda Library 05/01/2026   621.3678 M448R 444208 05/01/2026 Books
© Designed and Maintained by Vivekananda Library, MDU Rohtak